header

Challenges and opportunities for education about dual use issues in the life sciences (Record no. 133816)

MARC details
000 -LEADER
fixed length control field 01787nam a2200361 a 4500
245 10 - TITLE STATEMENT
Title Challenges and opportunities for education about dual use issues in the life sciences
260 ## - PUBLICATION, DISTRIBUTION, ETC. (IMPRINT)
Place of publication Washington, D.C. :
Name of publisher National Academies Press,
Year of publication 2010.
300 ## - PHYSICAL DESCRIPTION
Number of Pages x, 136 p. :
Other physical details ill. (some col.)
500 ## - GENERAL NOTE
General note "In cooperation with IAP: The Global Network of Science Academies, International Union of Biochemistry and Molecular Biology, International Union of Microbiological Societies, Polish Academy of Sciences."
650 #0 - SUBJECT ADDED ENTRY--TOPICAL TERM
Topical Term Life sciences
Topical Term Bioterrorism
Topical Term Biosecurity.
Topical Term Bioethics.
856 40 - ELECTRONIC LOCATION AND ACCESS
Uniform Resource Identifier http://site.ebrary.com/lib/rucke/Doc?id=10439405

No items available.

© 2026 Rongo University
Contact us: librarian | system librarian | Rongo university